Statistics for United States Presidents Quiz

Click here to take the quiz!

General Stats

  • This quiz has been taken 56 times
  • The average score is 37 of 46

Answer Stats

#PartyTermElection(s)President% Correct
1N/A (Federalist)1789-17971789, 1792George Washington
100%
3Democratic-Republican1801-18091800, 1804Thomas Jefferson
94%
44Democratic2009-20162008, 2012Barack Hussein Obama II
92%
41Republican1989-19931988George Herbert Walker Bush
92%
43Republican2001-20092000, 2004George Walker Bush
92%
2N/A (Federalist)1797-18011796John Adams
92%
46Democratic2020-Present2020Joseph Robinette Biden Jr.
92%
37Republican1969-19741968, 1972Richard Milhous Nixon
92%
40Republican1981-19891980, 1984Ronald Wilson Reagan
92%
42Democratic1993-20011992, 1996William Jefferson Blythe III "Bill Clinton"
92%
45Republican2016-20202016Donald John Trump
89%
39Democratic1977-19811976James Earl "Jimmy" Carter Jr.
89%
4Democratic-Republican1809-18171808, 1812James Madison
89%
35**Democratic1961-19631960John F. Kennedy
89%
38Republican1974-1977NoneLeslie Lynch King Jr. "Gerald R. Ford"
89%
36Democratic1963-19691964Lyndon B. Johnson
89%
34Republican1953-19611952, 1956Dwight D. Eisenhower
86%
32*Democratic1933-19451932, 1936, 1940, 1944Franklin Delano Roosevelt
86%
26Republican1901-19091904Theodore Roosevelt Jr.
86%
5Democratic-Republican1817-18251816, 1820James Monroe
83%
28Democratic1913-19211912, 1916Thomas Woodrow Wilson
83%
16**Republican1861-18651860, 1864Abraham Lincoln
81%
33Democratic1945-19531948Harry S. Truman
81%
6Democratic-Republican1825-18291824John Quincy Adams
81%
7Democratic1829-18371828, 1832Andrew Jackson
78%
31Republican1929-19331928Herbert Clark Hoover
78%
18Republican1869-18771868, 1872Hiram Ulysses Grant
78%
30Republican1923-19291924John Calvin Coolidge Jr.
78%
29*Republican1921-19231920Warren G. Harding
78%
17Republican1865-1869NoneAndrew Johnson
75%
10Whig1841-1845NoneJohn Tyler
75%
12*Whig1849-18501848Zachary Taylor
75%
20**Republican18811880James A. Garfield
72%
8Democratic1837-18411836Martin Van Buren
72%
22Democratic1885-18891884Stephen Grover Cleveland
72%
9*Whig1841 (1 Month)1840William Henry Harrison
72%
25**Republican1897-19011896, 1900William McKinley
72%
15Democratic1857-18611856James Buchanan Jr.
69%
11Democratic1845-18491844James K. Polk
69%
24Democrat1893-18971892Stephen Grover Cleveland
69%
21Republican1881-1885NoneChester A. Arthur
67%
14Democratic1853-18571852Franklin Pierce
67%
19Republican1877-18811876Rutherford B. Hayes
67%
27Republican1909-19131908William Howard Taft
67%
13Whig1850-1853NoneMillard Fillmore
64%
23Republican1889-18931888Benjamin Harrison
61%

Score Distribution

Percentile by Number Answered

Percent of People with Each Score

Your Score History

You have not taken this quiz